| 000 | 02076cam a2200253 4500500 | ||
|---|---|---|---|
| 005 | 20251228074253.0 | ||
| 041 | _afre | ||
| 042 | _adc | ||
| 100 | 1 | 0 |
_aGueli, Carla _eauthor |
| 700 | 1 | 0 |
_aGeorget, Alice _eauthor |
| 245 | 0 | 0 | _aPréférés et rejetés en classe. Perception des différences de traitement à l'école |
| 260 | _c2010. | ||
| 500 | _a98 | ||
| 520 | _aLa perception par les élèves de comportements injustes ou inéquitables de la part des enseignants en classe est une des causes du mal-être scolaire. En se plaçant dans une perspective multi référencée, une recherche a été conduite dans quatre écoles élémentaires italiennes. Á travers des entretiens réalisés auprès d’enseignants, des questionnaires soumis aux élèves et des sociogrammes, la dynamique et les contradictions internes à l'institution scolaire émergent. | ||
| 520 | _aThe perception by the pupils of unfair or inequitable behaviours from the teachers in class is one of the causes of the ill-being at school. From a multi referenced point of view, a study has been undertaken in four Italian elementary schools. Through interviews of teachers, questionnaires given to pupils and sociograms, the dynamic and the internal contradictions of the school system emerge. | ||
| 520 | _aLa percepción de los alumnos de los comportamientos injustos o no equitativos de la parte los profesores es una causa de malestar escolar. Desde un punto de vista multi - referencial, una investigación ha sido conducida en cuatro escuelas elementales en Italia. Mediante entrevistas a los profesores, cuestionarios dirigidos a los alumnos y de socio- gramas, la dinámica y las contradicciones internas de la institución escolar emergen. | ||
| 690 | _aCurriculum caché | ||
| 690 | _afragilité | ||
| 690 | _ainjustice scolaire | ||
| 690 | _aMots clés | ||
| 690 | _atraitements différenciés | ||
| 786 | 0 | _nSpécificités | 2 | 1 | 2010-01-01 | p. 69-84 | 2256-7186 | |
| 856 | 4 | 1 | _uhttps://shs.cairn.info/revue-specificites-2009-1-page-69?lang=fr&redirect-ssocas=7080 |
| 999 |
_c1597403 _d1597403 |
||